000 00639nam a2200229Ia 4500
003 OSt
005 20221007070839.0
006 a|||||r|||| 00| 0
007 ta
008 221006b |||||||| |||| 00| 0 eng d
024 _a30,117
037 _cTextual
040 _aFLL
_cFLL
_beng
041 _2eng
_aeng
082 _aZ2:9354qN58:9, K4
100 _aRai Shiva Charan
_9687821
245 0 _aProbation of offenders act
260 _aIndore
_bThe National Law Publications Delhi
_c1964
300 _axvii,92,xiv
_ccm.
942 _hZ2:9354qN58:9, K4
_cTEXL
_2CC
999 _c1141714
_d1141714